000 00783nam a22002177a 4500
003 0
005 20250120145757.0
008 151127b xxu||||| |||| 00| 0 eng d
050 _aPHS HQ 755.85
_b.G216 2015
100 _aGarcia, Ma. Josefina Belen C.
245 _aThe usage of handheld gadgets and familial relationship
_cMa. Josefina Belen C. Garcia
260 _aLas PiƱas, Philippines :
_bSouthville International School and Colleges,
_c2015.
300 _aiii, 38 p. :
_bill. ;
_c28 cm.
504 _aIncludes bibliographical references.
650 _aTechnology and families.
650 _aFamily relationships.
650 _aInterpersonal relations.
650 _aMobile devices
_vSocial aspects.
650 _aAdolescents
_vFamily relationships.
942 _2lcc
_cPASS
999 _c288994
_d288994